[Event "Trenton Action (April)"]
[Site "Trenton, Mich."]
[Date "1993.04.18"]
[Round "2"]
[White "Moody, David"]
[Black "Noren, Kevin"]
[Result "0-1"]
[WhiteElo "2020"]
[BlackElo "2279"]
[PlyCount "46"]
[EventDate "1993.04.18"]

1. e4 c5 2. c3 e6 3. d4 d5 4. e5 Nc6 5. Nf3 Nh6 6. Nbd2 cxd4 7. cxd4 Nf5 8. Nb3
Qb6 9. Bd3 Bb4+ 10. Kf1 Bd7 11. Bxf5 exf5 12. Bg5 h6 13. Be3 Be6 14. g3 f4 15.
Bxf4 Bh3+ 16. Kg1 O-O 17. Nh4 a5 18. Qh5 Ne7 19. Rc1 Rac8 20. Rxc8 Rxc8 21. Nf3
Qe6 22. Nfd2 Bg4 23. Qh4 Ng6 0-1

[Event "Trenton Action (April)"]
[Site "Trenton, Mich."]
[Date "1993.04.18"]
[Round "5"]
[White "Moody, David"]
[Black "Haakonstad, Olaf"]
[Result "0-1"]
[WhiteElo "2020"]
[BlackElo "1800"]
[PlyCount "62"]
[EventDate "1993.04.18"]

1. e4 e5 2. Nf3 Nc6 3. d4 exd4 4. Bc4 Nf6 5. O-O Bc5 6. e5 d5 7. exf6 dxc4 8.
Re1+ Be6 9. Ng5 Qd5 10. Nc3 Qf5 11. Nce4 O-O-O 12. g4 Qe5 13. fxg7 Rhg8 14.
Nxe6 fxe6 15. Bh6 Bb6 16. g5 d3 17. c3 Qf4 18. Qd2 Qg4+ 19. Ng3 e5 20. Kg2 Rde8
21. Re4 Qe6 22. Rae1 Qf7 23. f4 exf4 24. Rxf4 Qd5+ 25. Rfe4 Ne5 26. Nh5 Ng4 27.
Qf4 Rxe4 28. Rxe4 Ne3+ 29. Kh3 Qd7+ 30. Kg3 Nf5+ 31. Kf3 d2 0-1

[Event "Trenton Action (April)"]
[Site "Trenton, Mich."]
[Date "1993.04.18"]
[Round "1"]
[White "Moody, David"]
[Black "Bascomb, Anthony"]
[Result "1-0"]
[WhiteElo "2020"]
[BlackElo "1286"]
[PlyCount "37"]
[EventDate "1993.04.18"]

1. e4 c5 2. Nf3 Nc6 3. d4 e6 4. d5 exd5 5. exd5 Nb8 6. d6 Qb6 7. Qe2+ Kd8 8.
Ne5 Ke8 9. Nc4+ Kd8 10. Nxb6 axb6 11. Bg5+ f6 12. Bf4 Nc6 13. Nc3 Nd4 14. Qe4
g5 15. Bxg5 fxg5 16. Qe5 Nxc2+ 17. Kd2 Nxa1 18. Qxh8 Bxd6 19. Nd5 1-0

[Event "Trenton Action (April)"]
[Site "Trenton, Mich."]
[Date "1993.04.18"]
[Round "4"]
[White "Andrews, Steve"]
[Black "Moody, David"]
[Result "1/2-1/2"]
[WhiteElo "2251"]
[BlackElo "2020"]
[PlyCount "74"]
[EventDate "1993.04.18"]

1. d4 Nf6 2. Nf3 g6 3. Bf4 Bg7 4. e3 d6 5. c4 O-O 6. Nc3 Nfd7 7. Be2 e5 8. dxe5
Nxe5 9. O-O Nbc6 10. h3 Be6 11. Nd5 Qd7 12. Qd2 Nxf3+ 13. Bxf3 Ne5 14. Be2 c6
15. Bxe5 dxe5 16. Rad1 cxd5 17. cxd5 Rfd8 18. Qb4 Bf5 19. e4 a5 20. Qc4 Rac8
21. Qd3 Bxe4 22. Qxe4 f5 23. Qd3 Rc5 24. Qb3 a4 25. Qb4 Bf8 26. d6 Qc6 27. Qh4
Rxd6 28. Rxd6 Bxd6 29. Qd8+ Kg7 30. Rd1 Rc1 31. Rxc1 Qxc1+ 32. Kh2 Qf4+ 33. Kg1
e4 34. g3 Qd2 35. Qb6 Bxg3 36. fxg3 Qxe2 37. Qc7+ Kh6 1/2-1/2

[Event "Finney Quads (April)"]
[Site "Detroit, Mich."]
[Date "1993.04.24"]
[Round "1"]
[White "Moody, David"]
[Black "Reeves, Andre"]
[Result "1-0"]
[WhiteElo "2020"]
[BlackElo "1642"]
[PlyCount "69"]
[EventDate "1993.04.24"]

1. Nc3 d5 2. e4 dxe4 3. Nxe4 Nf6 4. Nxf6+ exf6 5. Bc4 Be6 6. Bxe6 fxe6 7. Qh5+
g6 8. Qb5+ Qd7 9. Qxb7 Qc6 10. Qxc6+ Nxc6 11. c3 Ne5 12. d4 Nd3+ 13. Ke2 Nxc1+
14. Rxc1 Bh6 15. Rd1 Rb8 16. b3 Kf7 17. Nf3 Rhc8 18. c4 a5 19. d5 exd5 20. Rxd5
Re8+ 21. Kd1 a4 22. Rd7+ Kg8 23. Rxc7 axb3 24. axb3 Rxb3 25. Kc2 Reb8 26. Ra1
Rb2+ 27. Kc3 Bf4 28. Rd7 R8b3+ 29. Kd4 Be5+ 30. Nxe5 fxe5+ 31. Kxe5 Re2+ 32.
Kd5 Rxf2 33. Ra8+ Rf8 34. Rxf8+ Kxf8 35. Rxh7 1-0

[Event "Finney Quads (April)"]
[Site "Detroit, Mich."]
[Date "1993.04.24"]
[Round "3"]
[White "Jointer, William"]
[Black "Moody, David"]
[Result "0-1"]
[WhiteElo "1700"]
[BlackElo "2020"]
[PlyCount "46"]
[EventDate "1993.04.24"]

1. e4 e5 2. Nf3 Nc6 3. Bc4 Nf6 4. d4 exd4 5. O-O Bc5 6. e5 d5 7. exd6 Qxd6 8.
Re1+ Ne7 9. Nbd2 Bf5 10. a3 O-O 11. b4 Bb6 12. Nb3 Nc6 13. Bb2 Rfe8 14. Qd2 Ne4
15. Qe2 d3 16. cxd3 Bxf2+ 17. Kh1 Ng3+ 18. hxg3 Qh6+ 19. Nh2 Rxe2 20. Bxf7+
Kxf7 21. Rf1 Bxg3 22. Rxf5+ Kg8 23. Kg1 Qxh2+ 0-1

[Event "Finney Quads (April)"]
[Site "Detroit, Mich."]
[Date "1993.04.24"]
[Round "2"]
[White "Chehayeb, Salah"]
[Black "Moody, David"]
[Result "0-1"]
[WhiteElo "2311"]
[BlackElo "2020"]
[PlyCount "94"]
[EventDate "1993.04.24"]

1. e4 e5 2. Nf3 Nc6 3. Nc3 Nf6 4. Be2 Bb4 5. d3 d6 6. Bg5 Be6 7. O-O h6 8. Bh4
g5 9. Bg3 Nh5 10. a3 Nxg3 11. hxg3 Ba5 12. b4 Bb6 13. Na4 Nd4 14. Nxd4 Bxd4 15.
c3 Bb6 16. d4 Qf6 17. Nxb6 axb6 18. dxe5 dxe5 19. Qc1 h5 20. Qe3 h4 21. Rfd1
hxg3 22. Qxg3 Rh4 23. f3 Ke7 24. Rd2 Rah8 25. Rad1 g4 26. Rd5 Bxd5 27. Rxd5
R8h5 28. Bc4 gxf3 29. Qxf3 Qxf3 30. gxf3 Rh1+ 31. Kf2 Rc1 32. Rd3 Rh2+ 33. Kg3
Rhc2 34. Rd5 f6 35. Kg4 Rg1+ 36. Kh3 Rxc3 37. Kh2 Rg5 38. Bb5 c6 39. Rd3 Rxd3
40. Bxd3 Kd6 41. Bc4 c5 42. b5 f5 43. Bd5 fxe4 44. fxe4 c4 45. Bxc4 Kc5 46. Bd3
Kd4 47. Bc2 Rg4 0-1

[Event "Trenton Mini-Swiss (May)"]
[Site "Trenton, Mich."]
[Date "1993.05.16"]
[Round "2"]
[White "Thompson, Dexter"]
[Black "Moody, David"]
[Result "1-0"]
[WhiteElo "2288"]
[BlackElo "2020"]
[PlyCount "39"]
[EventDate "1993.05.16"]

1. e4 e5 2. Nf3 Nf6 3. Bc4 Nc6 4. Nc3 Bc5 5. d3 d6 6. Bg5 Be6 7. Nd5 Bxd5 8.
exd5 Na5 9. Bb5+ c6 10. dxc6 Bxf2+ 11. Kf1 bxc6 12. Ba4 Qb6 13. Qe2 Ng4 14. c3
Be3 15. h3 Bxg5 16. hxg4 Bf4 17. b4 Nb7 18. Qe4 Rc8 19. Re1 d5 20. Qxf4 1-0

[Event "Trenton Mini-Swiss (May)"]
[Site "Trenton, Mich."]
[Date "1993.05.16"]
[Round "1"]
[White "Moody, David"]
[Black "Woolery, Bob"]
[Result "1-0"]
[WhiteElo "2020"]
[BlackElo "1512"]
[PlyCount "91"]
[EventDate "1993.05.16"]

1. e4 c5 2. c3 d6 3. d4 cxd4 4. cxd4 e6 5. Nf3 Nf6 6. Nc3 a6 7. Bf4 Nc6 8. Rc1
Be7 9. Bd3 Nxd4 10. Nxd4 e5 11. Nf5 Bxf5 12. exf5 exf4 13. Qf3 Qb6 14. O-O O-O
15. Nd5 Nxd5 16. Qxd5 Bf6 17. b3 Qd4 18. Qf3 b5 19. Rfd1 Qb4 20. Qe4 Qxe4 21.
Bxe4 Rad8 22. Rc6 Rfe8 23. f3 d5 24. Bxd5 Re5 25. Rxf6 Rexd5 26. Rxd5 Rxd5 27.
Rxa6 h6 28. Ra8+ Kh7 29. Ra5 Rxf5 30. a4 Kg8 31. Rxb5 Rf6 32. b4 Kf8 33. a5 Ke8
34. Rc5 Ra6 35. Kf1 g5 36. Ke2 Kd7 37. Kd3 Rd6+ 38. Kc4 Rd2 39. Rd5+ Rxd5 40.
Kxd5 h5 41. a6 Kc7 42. Kc5 f5 43. b5 g4 44. b6+ Kb8 45. Kc6 g3 46. b7 1-0

[Event "Trenton Mini-Swiss (May)"]
[Site "Trenton, Mich."]
[Date "1993.05.16"]
[Round "3"]
[White "Moody, David"]
[Black "Randall, Paul"]
[Result "1/2-1/2"]
[WhiteElo "2020"]
[BlackElo "1692"]
[PlyCount "84"]
[EventDate "1993.05.16"]

1. e4 e6 2. d4 d5 3. Nc3 Nf6 4. Bg5 Be7 5. e5 Nfd7 6. h4 a6 7. Qg4 Rg8 8. Bd3
g6 9. Nf3 c5 10. h5 cxd4 11. hxg6 hxg6 12. Ne2 Bxg5 13. Nxg5 Nxe5 14. Qf4 Nxd3+
15. cxd3 Qe7 16. Nh7 e5 17. Nf6+ Kd8 18. Nxg8 exf4 19. Nxe7 Kxe7 20. Nxf4 Kd6
21. Rh8 Nc6 22. Kd2 Rb8 23. Re1 Bf5 24. Rxb8 Nxb8 25. Re8 Nc6 26. a3 Kd7 27.
Rh8 Kd6 28. f3 g5 29. Rh6+ Ke5 30. Nh3 f6 31. Nf2 Ne7 32. Ng4+ Bxg4 33. fxg4
Nc8 34. g3 Nd6 35. Ke2 Ke6 36. Rh7 Nf7 37. Kd2 Ke7 38. Kc2 Ke6 39. Kb3 Nd6 40.
Kb4 b6 41. a4 a5+ 42. Ka3 Nf7 1/2-1/2

[Event "Boynton Quads (May)"]
[Site "Detroit, Mich."]
[Date "1993.05.22"]
[Round "3"]
[White "Smith, Mike A"]
[Black "Moody, David"]
[Result "1/2-1/2"]
[WhiteElo "1915"]
[BlackElo "2020"]
[PlyCount "37"]
[EventDate "1993.05.22"]

1. e4 e5 2. Nf3 Nc6 3. Bb5 a6 4. Ba4 Nf6 5. O-O Be7 6. Re1 b5 7. Bb3 O-O 8. c3
d5 9. exd5 Nxd5 10. Nxe5 Nxe5 11. Rxe5 c6 12. Bxd5 cxd5 13. d4 Bd6 14. Re1 Qh4
15. g3 Qh3 16. Be3 Bg4 17. Qd3 Rae8 18. Nd2 Re6 19. Qf1 1/2-1/2

[Event "Boynton Quads (May)"]
[Site "Detroit, Mich."]
[Date "1993.05.22"]
[Round "1"]
[White "Moody, David"]
[Black "Thompson, Dexter"]
[Result "1-0"]
[WhiteElo "2020"]
[BlackElo "2288"]
[PlyCount "71"]
[EventDate "1993.05.22"]

1. e4 e5 2. Nf3 Nc6 3. d4 exd4 4. Bc4 Nf6 5. O-O Nxe4 6. Re1 d5 7. Nc3 dxc4 8.
Rxe4+ Be6 9. Nxd4 Nxd4 10. Rxd4 Qf6 11. Nb5 Rc8 12. Qe2 a6 13. Rf4 Qg6 14. Nd4
Bd6 15. Nxe6 fxe6 16. Re4 O-O 17. Rxe6 Qf7 18. Bg5 Rce8 19. Re1 Be5 20. Re7 Qf5
21. Rxe8 Rxe8 22. Qxc4+ Kh8 23. Bf4 Qh5 24. Qe4 Rd8 25. Qxe5 Rd1 26. Kf1 Rxe1+
27. Kxe1 Qg6 28. Qxc7 h6 29. Qd8+ Kh7 30. Qd3 b5 31. Qxg6+ Kxg6 32. Kd2 Kf5 33.
Be3 Ke4 34. Kc3 a5 35. Bb6 a4 36. Kb4 1-0

[Event "Boynton Quads (May)"]
[Site "Detroit, Mich."]
[Date "1993.05.22"]
[Round "2"]
[White "Gabbara, Faris"]
[Black "Moody, David"]
[Result "0-1"]
[WhiteElo "2157"]
[BlackElo "2020"]
[PlyCount "88"]
[EventDate "1993.05.22"]

1. d4 Nf6 2. c4 c5 3. d5 e6 4. Nc3 exd5 5. cxd5 d6 6. e4 g6 7. Nf3 Bg7 8. Bd3
O-O 9. O-O Bg4 10. Bg5 a6 11. a4 h6 12. Bh4 g5 13. Bg3 Nh5 14. h3 Bxf3 15. Qxf3
Nxg3 16. Qxg3 Be5 17. f4 Bd4+ 18. Kh1 Nd7 19. Ne2 Bg7 20. Rab1 Kh8 21. fxg5 Be5
22. Qg4 hxg5 23. Rf5 f6 24. h4 Rf7 25. hxg5 Rh7+ 26. Kg1 c4 27. g6 Qb6+ 28. Rf2
cxd3 29. gxh7 dxe2 30. Qxd7 Bh2+ 31. Kxh2 Qxf2 32. Kh3 e1=Q 33. Rxe1 Qxe1 34.
Qxb7 Re8 35. Qf7 Qxe4 36. Qxf6+ Kxh7 37. Qxd6 Qe3+ 38. g3 Qh6+ 39. Qxh6+ Kxh6
40. Kg4 Rd8 41. Kf4 Rxd5 42. Ke4 Rd2 43. b4 Rb2 44. b5 axb5 0-1

[Event "Finney Quads (June)"]
[Site "Detroit, Mich."]
[Date "1993.06.05"]
[Round "3"]
[White "Moody, David"]
[Black "Rosenberg, Steve"]
[Result "1-0"]
[WhiteElo "2130"]
[BlackElo "1744"]
[PlyCount "47"]
[EventDate "1993.06.05"]

1. e4 Nf6 2. Nc3 e5 3. Bc4 Nc6 4. d3 Be7 5. f4 d6 6. Nf3 O-O 7. f5 Na5 8. Bb3
Nxb3 9. axb3 c5 10. Bg5 Ne8 11. h4 h6 12. Nd5 hxg5 13. hxg5 Bxg5 14. Nxg5 Qxg5
15. Qh5 Qh6 16. Ne7+ Kh7 17. Qh2 Nf6 18. Qg1 Nh5 19. g4 g6 20. g5 Qg7 21. f6
Qh8 22. Rxh5+ gxh5 23. g6+ Kh6 24. Qe3# 1-0

[Event "Finney Quads (June)"]
[Site "Detroit, Mich."]
[Date "1993.06.05"]
[Round "2"]
[White "Moody, David"]
[Black "Gaiefsky, Mike"]
[Result "1-0"]
[WhiteElo "2130"]
[BlackElo "1744"]
[PlyCount "51"]
[EventDate "1993.06.05"]

1. e4 g6 2. d4 Bg7 3. Nf3 d6 4. Bc4 Nf6 5. Nc3 O-O 6. Bg5 h6 7. Bh4 Nbd7 8. Qe2
Nb6 9. Bb3 a5 10. a3 a4 11. Ba2 Nh5 12. Bg3 Bg4 13. O-O-O Ra5 14. Qd2 e6 15.
Nd5 Ra6 16. Ne3 Bxf3 17. gxf3 Nxg3 18. hxg3 Kh7 19. Ng4 h5 20. Qf4 Qe7 21. e5
Nd7 22. c3 dxe5 23. dxe5 Nxe5 24. Bb1 Nxg4 25. fxg4 Bh6 26. Rxh5 1-0

[Event "Finney Quads (June)"]
[Site "Detroit, Mich."]
[Date "1993.06.05"]
[Round "1"]
[White "Calton, David A"]
[Black "Moody, David"]
[Result "1-0"]
[WhiteElo "1736"]
[BlackElo "2130"]
[PlyCount "44"]
[EventDate "1993.06.05"]

1. d4 Nf6 2. Nf3 g6 3. Nbd2 Bg7 4. e4 d6 5. c3 O-O 6. Bd3 Nbd7 7. O-O e5 8. Nb3
Re8 9. d5 c6 10. c4 c5 11. Bg5 h6 12. Bh4 g5 13. Bg3 Nf8 14. h4 g4 15. Nh2 Ng6
16. f3 Nh5 17. Qe1 Nxg3 18. Qxg3 Nf4 19. fxg4 Nxd3 20. Qxd3 Qxh4 21. Qf3 Rf8
22. g3 Bd7 1-0

[Event "Ultimate Chess Player's Tournament"]
[Site "Troy, Mich."]
[Date "1993.06.19"]
[Round "2"]
[White "Moody, David"]
[Black "Wilson, Vester"]
[Result "0-1"]
[WhiteElo "2130"]
[BlackElo "2048"]
[PlyCount "76"]
[EventDate "1993.06.19"]

1. e4 e5 2. Nf3 Nc6 3. d4 exd4 4. Bc4 Bb4+ 5. c3 dxc3 6. O-O cxb2 7. Bxb2 Bf8
8. Nc3 d6 9. e5 Be6 10. Nd5 dxe5 11. Nxe5 Nge7 12. Qb3 Nxe5 13. Bxe5 Bxd5 14.
Rfd1 c6 15. Qxb7 f6 16. Bxd5 cxd5 17. Bd6 Qc8 18. Qb5+ Qc6 19. Qb4 a5 20. Qa3
Rd8 21. Bxe7 Bxe7 22. Re1 Qd6 23. Qe3 Kf7 24. Rac1 Rhe8 25. Qa7 Ra8 26. Qd4 Kf8
27. Qh4 Kg8 28. Re3 f5 29. Qh5 Qg6 30. Qd1 Bg5 31. Rg3 Qf6 32. Qxd5+ Kh8 33.
Rb1 Rad8 34. Qf3 f4 35. Rh3 h6 36. Qh5 Re6 37. Rf3 Qg6 38. Qg4 Qxb1# 0-1

[Event "Ultimate Chess Player's Tournament"]
[Site "Troy, Mich."]
[Date "1993.06.19"]
[Round "1"]
[White "Kung, Fred"]
[Black "Moody, David"]
[Result "0-1"]
[WhiteElo "1877"]
[BlackElo "2130"]
[PlyCount "50"]
[EventDate "1993.06.19"]

1. e4 e5 2. Nf3 Nc6 3. Bb5 a6 4. Ba4 Nf6 5. d4 exd4 6. O-O Bc5 7. e5 Ne4 8. Re1
d5 9. exd6 f5 10. dxc7 Qxc7 11. Nxd4 O-O 12. Be3 f4 13. Bxc6 fxe3 14. Bd5+ Kh8
15. fxe3 Nf2 16. Qh5 Bg4 17. Qh4 Be7 18. Qg3 Bd6 19. Qh4 Rf6 20. Bf3 Rh6 21.
Qxf2 Bxh2+ 22. Kf1 Bg3 23. Bxg4 Rh1+ 24. Ke2 Bxf2 25. Kxf2 Rxe1 0-1

[Event "Ultimate Chess Player's Tournament"]
[Site "Troy, Mich."]
[Date "1993.06.19"]
[Round "3"]
[White "Bauerle, Paul"]
[Black "Moody, David"]
[Result "1-0"]
[WhiteElo "1941"]
[BlackElo "2130"]
[PlyCount "131"]
[EventDate "1993.06.19"]

1. d4 Nf6 2. c4 c5 3. d5 e6 4. Nc3 exd5 5. cxd5 d6 6. e4 g6 7. Nf3 Bg7 8. Be2
O-O 9. O-O Re8 10. Qc2 Bg4 11. h3 Bxf3 12. Bxf3 Na6 13. Bf4 Nb4 14. Qd2 Qe7 15.
Rfe1 Nd7 16. a3 Na6 17. Be2 Ne5 18. Bb5 Rec8 19. Bg5 f6 20. Bf4 c4 21. Bxe5
Qxe5 22. Bd7 Rd8 23. Be6+ Kh8 24. g4 Nc5 25. f4 Nb3 26. Qf2 Qd4 27. Rad1 Qxf2+
28. Kxf2 a6 29. f5 b5 30. Bf7 Nc5 31. fxg6 Nd3+ 32. Rxd3 cxd3 33. gxh7 Kxh7 34.
Rd1 Kh6 35. h4 Rh8 36. Kf3 Ra7 37. Be6 Bf8 38. Kf4 Kg7 39. h5 Kh6 40. Kf5 Rg7
41. Rxd3 Be7 42. Ne2 Rg5+ 43. Kf4 Rb8 44. Ng3 Rb7 45. Nf5+ Kh7 46. Rc3 b4 47.
axb4 Bf8 48. Rc8 Bh6 49. Kf3 Rxb4 50. Nxd6 Rb3+ 51. Rc3 Rxb2 52. Nf7 Rg7 53.
Bf5+ Kg8 54. Nxh6+ Kf8 55. Rc8+ Ke7 56. Ng8+ Kd6 57. Nxf6 Rgb7 58. Rc6+ Ke5 59.
Re6+ Kd4 60. Kf4 a5 61. Ra6 Rf2+ 62. Kg5 Ke5 63. Re6+ Kd4 64. h6 a4 65. Ra6 Rh2
66. h7 1-0

[Event "Trenton June Action"]
[Site "?"]
[Date "1993.06.20"]
[Round "4.4"]
[White "Woolery, Bob"]
[Black "Aldrich, Jeff"]
[Result "0-1"]
[WhiteElo "1519"]
[BlackElo "1902"]
[PlyCount "70"]
[EventDate "1993.??.??"]

1. g3 d5 2. Bg2 Nf6 3. d3 c5 4. Bg5 e6 5. Nf3 Nc6 6. c3 Be7 7. O-O O-O 8. Qc2
h6 9. Bxf6 Bxf6 10. Nbd2 b6 11. e4 Bb7 12. Rae1 Qc7 13. a3 Rad8 14. exd5 exd5
15. b4 cxb4 16. cxb4 Qd6 17. Rc1 Rfe8 18. Nb3 Rc8 19. Qb1 Ba6 20. Rfe1 Rxe1+
21. Rxe1 Bc3 22. Re2 Qg6 23. Nc1 Nd4 24. Nxd4 Bxd4 25. Bxd5 Qh5 26. Qb3 Rxc1+
27. Kg2 Qxe2 28. Bxf7+ Kh8 29. Qd5 Qxf2+ 30. Kh3 Bc8+ 31. g4 Bxg4+ 32. Kxg4
Rg1+ 33. Kh3 Qf1+ 34. Kh4 Bf6+ 35. Kh5 Qh3# 0-1

[Event "Trenton June Action"]
[Site "?"]
[Date "1993.06.20"]
[Round "2.8"]
[White "Berger, Byron"]
[Black "Aldrich, Jeff"]
[Result "0-1"]
[WhiteElo "1225"]
[BlackElo "1902"]
[PlyCount "60"]
[EventDate "1993.??.??"]

1. f4 d5 2. Nf3 Nf6 3. e3 Bg4 4. b3 e6 5. Bb2 Be7 6. Be2 c5 7. Ne5 Bxe2 8. Qxe2
Nc6 9. Nxc6 bxc6 10. d3 O-O 11. O-O Nd7 12. Nd2 Bf6 13. Bxf6 Qxf6 14. e4 Qd4+
15. Qf2 f6 16. Qxd4 cxd4 17. Nf3 e5 18. fxe5 fxe5 19. Rae1 Rae8 20. Ng5 Rf6 21.
exd5 cxd5 22. Rf3 h6 23. Rxf6 gxf6 24. Nf3 Nc5 25. b4 Ne6 26. Nd2 Kf7 27. Kf2
Rc8 28. Rc1 Nf4 29. g3 Nxd3+ 30. Ke2 Nxc1+ 0-1

[Event "Trenton June Action"]
[Site "?"]
[Date "1993.06.20"]
[Round "3.5"]
[White "Aldrich, Jeff"]
[Black "Stockham, James"]
[Result "1-0"]
[WhiteElo "1902"]
[BlackElo "1837"]
[PlyCount "41"]
[EventDate "1993.??.??"]

1. d4 d5 2. c4 e6 3. Nc3 Nf6 4. Bg5 Be7 5. e3 Nbd7 6. Nf3 h6 7. Bh4 O-O 8. Qc2
c6 9. a3 dxc4 10. Bxc4 Nb6 11. Bd3 Nfd5 12. Bg3 Bd6 13. O-O Bxg3 14. hxg3 f6
15. Nh4 Ne7 16. Ne2 Bd7 17. Nf4 g5 18. Bh7+ Kg7 19. Nh5+ Kh8 20. Ng6+ Nxg6 21.
Qxg6 1-0

[Event "Trenton June Action"]
[Site "?"]
[Date "1993.06.20"]
[Round "1.6"]
[White "Aldrich, Jeff"]
[Black "Piasecki, Vince"]
[Result "0-1"]
[WhiteElo "1902"]
[BlackElo "1351"]
[PlyCount "59"]
[EventDate "1993.??.??"]

1. d4 Nf6 2. c4 e6 3. Nc3 Bb4 4. Qc2 b6 5. Nf3 Bb7 6. e3 d6 7. Bd2 Bxc3 8. Bxc3
Nbd7 9. Bd3 g6 10. e4 Qe7 11. b4 d5 12. cxd5 exd5 13. e5 Ne4 14. O-O O-O-O 15.
Rfc1 g5 16. b5 g4 17. Bb4 Ndc5 18. dxc5 bxc5 19. Bxe4 dxe4 20. Bxc5 Qd7 21. Nd4
g3 22. hxg3 h5 23. Bd6 Rdg8 24. Bxc7 h4 25. Bd6+ Kd8 26. Qa4 hxg3 27. Qxa7
gxf2+ 28. Kxf2 Rxg2+ 29. Kxg2 Qg4+ 30. Kf2 0-1

[Event "Trenton June Action"]
[Site "?"]
[Date "1993.06.20"]
[Round "5.2"]
[White "Aldrich, Jeff"]
[Black "Linn, Peter"]
[Result "1/2-1/2"]
[WhiteElo "1902"]
[BlackElo "2141"]
[PlyCount "51"]
[EventDate "1993.??.??"]

1. d4 e6 2. c4 f5 3. Nc3 Nf6 4. Nf3 Be7 5. e3 O-O 6. Be2 b6 7. O-O Bb7 8. b3
Qe8 9. Bb2 Qg6 10. Rc1 d6 11. Nb5 Na6 12. a3 Rfd8 13. Qc2 Ne4 14. Ne1 c5 15. f3
Ng5 16. Kh1 Nf7 17. Nd3 Bg5 18. f4 Bf6 19. Bf3 Bxf3 20. Rxf3 Nh6 21. Rg3 Qf7
22. d5 exd5 23. cxd5 Ng4 24. Re1 Bxb2 25. Qxb2 Nf6 26. Nf2 1/2-1/2

[Event "New Columbus Open"]
[Site "Columbus, Ohio"]
[Date "1993.06.26"]
[Round "2"]
[White "Moody, David"]
[Black "Walrath, Craig"]
[Result "1/2-1/2"]
[WhiteElo "2130"]
[BlackElo "1925"]
[PlyCount "24"]
[EventDate "1993.06.26"]

1. e4 c5 2. Nf3 d6 3. d4 cxd4 4. Nxd4 Nf6 5. Nc3 g6 6. f4 Nc6 7. Be2 Bg7 8. Be3
O-O 9. O-O Ng4 10. Nxc6 Nxe3 11. Qd3 bxc6 12. Qxe3 Qb6 1/2-1/2

[Event "New Columbus Open"]
[Site "Columbus, Ohio"]
[Date "1993.06.26"]
[Round "1"]
[White "Craig, Tyrone"]
[Black "Moody, David"]
[Result "1-0"]
[WhiteElo "1885"]
[BlackElo "2130"]
[PlyCount "129"]
[EventDate "1993.06.26"]

1. e4 e5 2. Nf3 Nc6 3. Bb5 a6 4. Ba4 Nf6 5. O-O Be7 6. Re1 b5 7. Bb3 O-O 8. c3
d5 9. exd5 Nxd5 10. Nxe5 Nxe5 11. Rxe5 c6 12. Bxd5 cxd5 13. d4 Bd6 14. Re3 f5
15. Nd2 f4 16. Re1 f3 17. Nxf3 Bg4 18. Re3 Qf6 19. Qe1 Bf4 20. Ne5 Bh5 21. Nd7
Qf5 22. Nxf8 Bxe3 23. Bxe3 Rxf8 24. a4 Qc2 25. axb5 axb5 26. Qd2 Qxd2 27. Bxd2
Re8 28. Be3 Be2 29. Ra7 Rb8 30. Bf4 Rf8 31. Bd6 Rf6 32. Be5 Rg6 33. f4 h6 34.
Kf2 Bc4 35. h3 h5 36. Rb7 h4 37. Bc7 Rg3 38. Bd6 Kh7 39. f5 Rg5 40. Rf7 Bd3 41.
Be7 Rxf5+ 42. Rxf5 Bxf5 43. Bxh4 Bd3 44. Be7 Kg6 45. Ke3 Bf1 46. Kf3 Kf5 47. h4
Bd3 48. g4+ Ke6 49. Bf8 Kf6 50. Kf4 g6 51. Bd6 Be2 52. Be5+ Kf7 53. Kg5 Bd3 54.
h5 gxh5 55. gxh5 Be2 56. h6 Bd3 57. Kf4 Kg6 58. Bg7 Bc4 59. Ke5 Kh7 60. Kd6 Kg8
61. Kc5 Kh7 62. Kb4 Kg8 63. b3 Bd3 64. Kc5 Bc2 65. b4 1-0

[Event "New Columbus Open"]
[Site "Columbus, Ohio"]
[Date "1993.06.26"]
[Round "3"]
[White "Chiarelli, Joseph"]
[Black "Moody, David"]
[Result "0-1"]
[WhiteElo "2055"]
[BlackElo "2130"]
[PlyCount "48"]
[EventDate "1993.06.26"]

1. Nf3 f5 2. e4 e5 3. Bc4 b5 4. Bb3 fxe4 5. O-O Nc6 6. d4 exf3 7. Qxf3 Qf6 8.
Qe4 Bb7 9. dxe5 Qxe5 10. Qxe5+ Nxe5 11. Re1 d6 12. f4 O-O-O 13. fxe5 dxe5 14.
Bg5 Bc5+ 15. Kh1 Nf6 16. Nc3 h6 17. Be3 Bxe3 18. Rxe3 Rd2 19. Rg3 b4 20. Na4
Nh5 21. Rg4 Nf4 22. Rg1 Nh3 23. Rf1 Nf2+ 24. Rxf2 Rd1+ 0-1

[Event "New Columbus Open"]
[Site "Columbus, Ohio"]
[Date "1993.06.27"]
[Round "4"]
[White "Moody, David"]
[Black "Patterson, Richard"]
[Result "1-0"]
[WhiteElo "2130"]
[BlackElo "1981"]
[PlyCount "63"]
[EventDate "1993.06.26"]

1. e4 e6 2. d4 d5 3. Nc3 Nf6 4. Bg5 Be7 5. e5 Nfd7 6. h4 a6 7. b4 h6 8. Bxe7
Qxe7 9. a3 b6 10. Qg4 Kf8 11. Rh3 c5 12. bxc5 bxc5 13. Rg3 Rg8 14. Bd3 g6 15.
Qf4 Kg7 16. Nf3 Nc6 17. Kf1 cxd4 18. Ne2 Nc5 19. Rb1 Bd7 20. Nexd4 Nxd3 21.
cxd3 Rab8 22. Rxb8 Rxb8 23. Kg1 Rb1+ 24. Kh2 Nxd4 25. Nxd4 Be8 26. h5 g5 27.
Nf3 Kf8 28. Nxg5 hxg5 29. Rxg5 Qxa3 30. h6 Rb4 31. Rg8+ Kxg8 32. Qg5+ 1-0

[Event "New Columbus Open"]
[Site "Columbus, Ohio"]
[Date "1993.06.27"]
[Round "5"]
[White "Moody, David"]
[Black "Britt, Thomas"]
[Result "0-1"]
[WhiteElo "2130"]
[BlackElo "2151"]
[PlyCount "80"]
[EventDate "1993.06.26"]

1. e4 c5 2. Nf3 d6 3. d4 cxd4 4. Nxd4 Nf6 5. Nc3 a6 6. Bg5 e6 7. f4 Be7 8. Qf3
Qc7 9. O-O-O Nbd7 10. g4 h6 11. Bxf6 Bxf6 12. Bg2 Nc5 13. Rhe1 Bd7 14. Kb1
O-O-O 15. e5 dxe5 16. fxe5 Bh4 17. Re3 Bg5 18. Re2 Rhf8 19. Qf2 Kb8 20. Nb3 Be7
21. Red2 Qxe5 22. Nxc5 Bxc5 23. Qf3 Qc7 24. Na4 Be7 25. Nc3 Bc6 26. Qf2 Rxd2
27. Rxd2 Bxg2 28. Qxg2 Bb4 29. Rd3 Rc8 30. Qd2 Qc4 31. a3 Ba5 32. h3 e5 33. Qe2
Bxc3 34. bxc3 Qb5+ 35. Ka1 Rxc3 36. Qe3 Rxd3 37. cxd3 Qd5 38. g5 Qd4+ 39. Qxd4
exd4 40. gxh6 gxh6 0-1

[Event "Lansing July Mini-Swiss.1"]
[Site "?"]
[Date "1993.07.11"]
[Round "2"]
[White "June, Brian"]
[Black "Aldrich, Jeff"]
[Result "0-1"]
[WhiteElo "1888"]
[BlackElo "1902"]
[PlyCount "118"]
[EventDate "1993.??.??"]

1. Nf3 d5 2. d4 Nf6 3. Bf4 e6 4. c4 c6 5. Nc3 Nbd7 6. e3 Be7 7. Bd3 dxc4 8.
Bxc4 b5 9. Bd3 Bb7 10. O-O a6 11. Rc1 O-O 12. e4 h6 13. Qe2 c5 14. e5 Ne8 15.
Rfd1 Qb6 16. dxc5 Nxc5 17. Be3 Qa5 18. Bb1 b4 19. Bxc5 Bxc5 20. Ne4 Bb6 21.
Nfd2 Qxe5 22. Nc4 Qc7 23. Ncd6 Qe7 24. Qd3 g6 25. Qf3 f5 26. Nxb7 fxe4 27. Qxe4
Rxf2 28. Qxg6+ Kf8 29. Qxh6+ Kg8 30. Bh7+ Qxh7 31. Qxe6+ Kh8 32. Qxb6 Rxb2 33.
Qd4+ Qg7 34. Qh4+ Kg8 35. Qc4+ Kh8 36. Qe4 Nf6 37. Qh4+ Nh7 38. Qe4 Rg8 39. g3
Nf6 40. Qh4+ Nh7 41. Nd8 Re8 42. Qd4 Qxd4+ 43. Rxd4 a5 44. Nb7 Rxa2 45. Nd6
Ree2 46. Rh4 b3 47. Nf5 Rec2 48. Rc4 Rxc1+ 49. Rxc1 Rc2 50. Rd1 b2 51. Rd8+ Nf8
52. Rxf8+ Kh7 53. Rb8 Rc1+ 54. Kg2 b1=Q 55. Rxb1 Rxb1 56. h4 a4 57. Nd4 a3 58.
Kh3 a2 59. Nc2 Rc1 0-1